| 000 | 00823nam a22002297i 4500 | ||
|---|---|---|---|
| 005 | 20210818182233.0 | ||
| 008 | 190524s2018 ck gr 000 j spa d | ||
| 020 | _a9789585200944 | ||
| 040 |
_aCOMFC _bspa _erda |
||
| 100 | 1 |
_954587 _aGirón Gaviria, Silvio _eaut |
|
| 245 | 1 | 0 |
_aCuentos de Silvio Girón Gaviria _cSilvio Girón Gaviria |
| 264 | 0 | 1 |
_aPereira _bSecretaría de Cultura de Pereira _c2018 |
| 300 |
_a71 páginas _c13 cm |
||
| 336 |
_2rdacontent _atxt |
||
| 337 |
_2rdamedia _an |
||
| 338 |
_2rdacarrier _anc |
||
| 490 |
_aLa Chambrana. Colección Literaria _952520 |
||
| 830 |
_954297 _aDepósito Legal - Sala de Patrimonio Bibliográfico y Documental de Risaralda |
||
| 082 | 0 | 4 |
_a863 _bG527c |
| 650 | 0 |
_910633 _aCuentos Colombianos _ySiglo XX |
|
| 942 |
_2ddc _h863 G527c _k863 _mG527c |
||
| 999 |
_c15112 _d15112 |
||